02210nam a2200337 a 450000100100000000500170001000800410002702000180006804000250008608200270011110000420013824501090018025000140028926000380030330000210034149000580036259000270042053400920044750504260053965000610096565100840102670000600111070000500117083000650122091000370128595201400132295201240146295201300158695201390171699900170185500003567220240409073643.0100908s2011 dr g 000 0dspa d a9789945469523 aDO-SdBNPbspacBNPHU a972.93053bL256y, 20111 aLandestoy, Carmita,b1880-198894473710aYo también acuso /cCarmita Landestoy ; liminar José Rafael Lantigua ; introducción Bernardo Vega. a[3a. ed.] aSanto Domingo :bNacional,c2011. a240 p. ;c25 cm.1 aColección especial 30 de mayo: Puerta a la libertad aInventariado, 2019/MFF aYo tambien acusocNew York : Azteca Pres, 1946.nOriginales provistos por Bernardo Vega0 gLiminar /rJosé Rafael Lantigua --gIntroducción /rBernardo Vega --tA manera de prólogo --tPor qué escribo este libro --tConsideraciones generales acerca de las dictaduras en América --tTiranía de Trujillo en la República Dominicana --tEl progreso material --tLos monopolios de Trujillo y sus familiares --t¿En qué leyes se apoya Trujillo para permanecer en el poder?tLa filosofía de Trujillo. 4aPersecuciones políticasxRepública dominicana944738 4aRepública DominicanaxPolítica Y GobiernoyERA DE TRUJILLO, 1930-1961913741 aLantigua, José Rafael, d1949-b1949-,epról.914381 aVega, Bernardo,d1938 -b1938-,eintrd.93222 0aColección especial 30 de mayo: Puerta a la libertad961597 aValidado. Control de calidad EMS 001054708DSaGRbGRcHDd2011-11-08iLF1l0o972.93053 L256y, 2011p35672-30r2020-06-25te. 3w2020-06-25yLFDSZPréstamo en sala 0010718PDaPDbPDcHDd2011-11-08iLF1l0o972.93053 L256y 2011p35672-10r2020-06-25w2020-06-25yLFPDZNo se presta 0010718PDaPDbPDcHDd2011-11-08iLF1l0o972.93053 L256y 2011p35672-20r2020-06-25te. 2w2020-06-25yLFPDZNo se presta 001054708DSaPDbPDcHDd2015-04-17iLF1l0o972.93053 L256y 2011p35672-40r2020-06-25te. 4w2020-06-25yLFDSZPréstamo en sala c35163d35163